000 00772namaa22001811 4500
001 174014
003 ES-MaACL
005 20230906215420.0
008 100205s1907 sp r |||| | spa d
100 1 _aÁlvarez Quintero, Serafín,
_d1871-1938
_9226443
245 1 3 _aLa zancadilla /
_centremés de Serafín y Joaquín Álvarez Quintero.
260 _aMadrid :
_bSociedad de Autores Españoles,
_c1907 (
_fR. Velasco)
300 _a16 p., 2 h. ;
_c20 cm.
500 _aEn port.: Estrenado en el teatro Español el 23 de marzo de 1907.
700 1 _aÁlvarez Quintero, Serafín,
_d1871-1938
_9226443
852 _aES-MaACL
_jF-8644(9)
_z.- Enc. hol.
_z.- Enc. en un vol. facticio formando parte de la col. facticia "Teatro español moderno" v. 101
999 _c174014
_d174014